[Event "Moscow Aeroflot op-A"]
[Site "Moscow"]
[Date "2024.03.06"]
[Round "7"]
[White "Khismatullin, Denis Rimovich"]
[Black "Martirosyan, Haik M"]
[Result "1/2-1/2"]
[WhiteElo "2559"]
[BlackElo "2681"]
[PlyCount "39"]
[EventDate "2024.03.03"]
[EventType "swiss"]
[EventRounds "9"]
[EventCountry "RUS"]
[SourceTitle "CB11_2024"]
[SourceDate "2024.03.13"]
[SourceVersion "1"]
[SourceVersionDate "2024.03.13"]
[SourceQuality "1"]

1. d4 Nf6 2. c4 e6 3. Nc3 Bb4 4. Qc2 0-0 5. e4 d5 6. e5 Ne4 7. Bd3 c5 8. Nf3 cxd4 9. Nxd4 Nd7 10. Bf4 Qh4 11. g3 Qh5 12. 0-0 g5 13. cxd5 Bxc3 14. bxc3 exd5 15. Be2 Qh3 16. Be3 Nxe5 17. f3 Nxg3 18. hxg3 Qxg3+ 19. Kh1 Qh3+ 20. Kg1 1/2-1/2

[Event "Moscow Aeroflot op-A"]
[Site "Moscow"]
[Date "2024.03.03"]
[Round "2"]
[White "Derjabin, Ilja"]
[Black "Khismatullin, Denis Rimovich"]
[Result "0-1"]
[WhiteElo "2333"]
[BlackElo "2559"]
[PlyCount "73"]
[EventDate "2024.03.03"]
[EventType "swiss"]
[EventRounds "9"]
[EventCountry "RUS"]
[SourceTitle "CB11_2024"]
[SourceDate "2024.03.13"]
[SourceVersion "1"]
[SourceVersionDate "2024.03.13"]
[SourceQuality "1"]

1. d4 d6 2. c4 e5 3. dxe5 dxe5 4. Qxd8+ Kxd8 5. Nc3 Be6 6. Nf3 f6 7. b3 c6 8. Bb2 Nd7 9. e3 Nh6 10. Be2 a5 11. 0-0 Kc7 12. Nd2 Bb4 13. Nde4 Nf7 14. Rfd1 f5 15. Ng3 Rhe8 16. Nd5+ Bxd5 17. cxd5 g6 18. Rac1 e4 19. dxc6 bxc6 20. Bc4 Nfe5 21. Ne2 Nc5 22. Nd4 Kb7 23. Ba1 Rad8 24. Kf1 Ncd3 25. Rb1 Nxc4 26. bxc4 Kc7 27. Nc2 Rb8 28. Ke2 f4 29. Nd4 Rbd8 30. Rf1 Rd7 31. Rbd1 a4 32. Rb1 Ba5 33. h4 h6 34. g3 f3+ 35. Kd1 c5 36. Rb5 Bb6 37. Rh1 0-1

[Event "Ufa Startsev Memorial"]
[Site "Ufa"]
[Date "2024.02.06"]
[Round "1"]
[White "Khismatullin, Denis Rimovich"]
[Black "Sokolov, Vladimir1"]
[Result "1-0"]
[WhiteElo "2579"]
[BlackElo "1940"]
[PlyCount "65"]
[EventDate "2024.02.06"]
[EventType "swiss"]
[EventRounds "9"]
[EventCountry "RUS"]
[SourceTitle "CB07_2024"]
[SourceDate "2024.02.14"]
[SourceVersion "1"]
[SourceVersionDate "2024.02.14"]
[SourceQuality "1"]

1. d4 Nf6 2. c4 e6 3. Nc3 d5 4. Nf3 c6 5. Bg5 dxc4 6. e4 b5 7. e5 h6 8. Bh4 g5 9. Nxg5 hxg5 10. Bxg5 Be7 11. exf6 Bxf6 12. Bxf6 Qxf6 13. g3 Na6 14. Bg2 Bb7 15. Ne4 Qe7 16. 0-0 0-0-0 17. h4 c5 18. a4 Rxd4 19. Qe2 b4 20. Rfd1 Bd5 21. b3 Rxd1+ 22. Rxd1 Rd8 23. bxc4 Bc6 24. h5 f5 25. Rxd8+ Qxd8 26. Nd2 Bxg2 27. Kxg2 e5 28. Nb3 Qd6 29. Qf3 Qe6 30. Qa8+ Nb8 31. Nxc5 Qb6 32. Qd5 b3 33. h6 1-0

[Event "Titled Tuesday intern op 09th Jan Early"]
[Site "Chess.com INT"]
[Date "2024.01.09"]
[Round "1"]
[White "Khismatullin, Denis Rimovich"]
[Black "Shevchuk, Olexandr"]
[Result "1-0"]
[WhiteElo "2579"]
[BlackElo "2093"]
[PlyCount "43"]
[EventDate "2024.01.09"]
[EventType "swiss (blitz)"]
[EventRounds "11"]
[EventCountry "USA"]
[SourceTitle "CB03_2024"]
[SourceDate "2024.01.17"]
[SourceVersion "1"]
[SourceVersionDate "2024.01.17"]
[SourceQuality "1"]

1. Nf3 d5 2. e3 Nf6 3. c4 c6 4. Nc3 e6 5. b3 Bd6 6. Bb2 0-0 7. d4 Nbd7 8. Be2 b6 9. 0-0 Bb7 10. Rc1 Rc8 11. Rc2 Qe7 12. Qc1 Rfd8 13. Rd1 h6 14. h3 dxc4 15. bxc4 c5 16. d5 exd5 17. cxd5 a6 18. a4 Ne5 19. Nh4 g6 20. e4 Nh5 21. Nf5 Qg5 22. Nxh6+ 1-0

[Event "Wch Blitz"]
[Site "Samarkand"]
[Date "2023.12.29"]
[Round "11"]
[White "Nasuta, Grzegorz"]
[Black "Khismatullin, Denis Rimovich"]
[Result "0-1"]
[WhiteElo "2579"]
[BlackElo "2579"]
[PlyCount "70"]
[EventDate "2023.12.29"]
[EventType "swiss (blitz)"]
[EventRounds "21"]
[EventCountry "UZB"]
[SourceTitle "CB01_2024"]
[SourceDate "2024.01.03"]
[SourceVersion "1"]
[SourceVersionDate "2024.01.03"]
[SourceQuality "1"]

1. e4 d6 2. d4 Nf6 3. Nc3 e5 4. Nf3 Nbd7 5. Rg1 c6 6. g4 h6 7. Be3 b5 8. a3 a6 9. h4 exd4 10. Nxd4 Ne5 11. Be2 c5 12. Nf5 g6 13. g5 hxg5 14. hxg5 gxf5 15. gxf6 fxe4 16. Nxe4 Bb7 17. Bf3 Qc7 18. Nxd6+ Bxd6 19. Bxb7 Qxb7 20. Qxd6 Nf3+ 21. Ke2 Rd8 22. Qxc5 Qe4 23. Rg4 Nd4+ 24. Qxd4 Qxc2+ 25. Kf3 Rxd4 26. Rxd4 Qf5+ 27. Ke2 Qxf6 28. Re4+ Kd7 29. Rd1+ Kc8 30. Rd2 Kb8 31. Bd4 Qg6 32. Be5+ Kb7 33. Rd7+ Ka8 34. Re3 Qg4+ 35. Ke1 Rh1+ 0-1

[Event "Wch Rapid"]
[Site "Samarkand"]
[Date "2023.12.27"]
[Round "8"]
[White "Khismatullin, Denis Rimovich"]
[Black "Seemann, Jakub"]
[Result "0-1"]
[WhiteElo "2579"]
[BlackElo "2441"]
[PlyCount "96"]
[EventDate "2023.12.26"]
[EventType "swiss (rapid)"]
[EventRounds "13"]
[EventCountry "UZB"]
[SourceTitle "CB01_2024"]
[SourceDate "2024.01.03"]
[SourceVersion "1"]
[SourceVersionDate "2024.01.03"]
[SourceQuality "1"]

1. c4 Nf6 2. Nc3 e5 3. Nf3 Nc6 4. e3 Bb4 5. Nd5 Be7 6. Qc2 d6 7. a3 Be6 8. Nxe7 Qxe7 9. b4 e4 10. Ng5 Bf5 11. f4 h6 12. Nh3 Bxh3 13. gxh3 0-0-0 14. Bb2 Rhe8 15. 0-0-0 Qe6 16. Rg1 g6 17. Kb1 Nd7 18. Bg2 Nb6 19. Rc1 Kb8 20. Rgd1 d5 21. cxd5 Rxd5 22. Bf1 Qd7 23. b5 Nd8 24. a4 Ne6 25. a5 Nc8 26. a6 Nc5 27. Bc4 Rf5 28. d4 exd3 29. Bxd3 Rd5 30. Bf1 b6 31. Rxd5 Qxd5 32. Bg2 Qd3 33. Rd1 Qxb5 34. Bf1 Qb4 35. Qc4 Qxc4 36. Bxc4 Nd6 37. Bf1 Rxe3 38. Be5 Nce4 39. Kc2 f6 40. Bd4 Ra3 41. Bd3 Ra2+ 42. Bb2 Nf2 43. Rd2 Nxd3 44. Rxd3 Rxa6 45. Bxf6 Ra2+ 46. Kb3 Rxh2 47. Be5 Kb7 48. f5 Rg2 0-1

[Event "Wch Rapid"]
[Site "Samarkand"]
[Date "2023.12.26"]
[Round "1"]
[White "Duda, Jan Krzysztof"]
[Black "Khismatullin, Denis Rimovich"]
[Result "1/2-1/2"]
[WhiteElo "2732"]
[BlackElo "2579"]
[PlyCount "97"]
[EventDate "2023.12.26"]
[EventType "swiss (rapid)"]
[EventRounds "13"]
[EventCountry "UZB"]
[SourceTitle "CB01_2024"]
[SourceDate "2024.01.03"]
[SourceVersion "1"]
[SourceVersionDate "2024.01.03"]
[SourceQuality "1"]

1. d4 Nf6 2. Nf3 d5 3. Bf4 c5 4. e3 Nc6 5. Nbd2 Nh5 6. dxc5 Nxf4 7. exf4 g6 8. c3 Bg7 9. Nb3 0-0 10. Be2 a5 11. a4 Qc7 12. g3 Rd8 13. Nfd4 Bh3 14. Nb5 Qd7 15. Qd2 d4 16. N3xd4 Nxd4 17. cxd4 Bxd4 18. Nxd4 Qxd4 19. Qxd4 Rxd4 20. f3 Bd7 21. Rd1 Rxd1+ 22. Bxd1 Rc8 23. Kd2 Rxc5 24. Re1 Kf8 25. Re5 Rxe5 26. fxe5 f6 27. Ke3 Bc6 28. Kd4 b6 29. f4 Kf7 30. Bb3+ Ke8 31. g4 h6 32. h4 g5 33. hxg5 fxg5 34. Ke3 gxf4+ 35. Kxf4 Kf8 36. Kf5 Bd7+ 37. Be6 Be8 38. b3 Kg7 39. Bc4 Bd7+ 40. Kf4 Bc6 41. Be6 Kg6 42. Bc4 Bd7 43. Bd5 Be8 44. Be4+ Kg7 45. Bc2 Bf7 46. Bd1 Kg6 47. Bc2+ Kg7 48. Bd1 Kg6 49. Bc2+ 1/2-1/2

[Event "Wch Rapid"]
[Site "Samarkand"]
[Date "2023.12.26"]
[Round "3"]
[White "Garayev, Kanan Farzali Oglu"]
[Black "Khismatullin, Denis Rimovich"]
[Result "0-1"]
[WhiteElo "2356"]
[BlackElo "2579"]
[PlyCount "52"]
[EventDate "2023.12.26"]
[EventType "swiss (rapid)"]
[EventRounds "13"]
[EventCountry "UZB"]
[SourceTitle "CB01_2024"]
[SourceDate "2024.01.03"]
[SourceVersion "1"]
[SourceVersionDate "2024.01.03"]
[SourceQuality "1"]

1. d4 Nf6 2. c4 e6 3. g3 c5 4. Nf3 a6 5. Bg2 b5 6. b3 Bb7 7. d5 exd5 8. Nh4 Qc7 9. Bf4 d6 10. cxd5 g6 11. e4 Bg7 12. Nd2 0-0 13. 0-0 Re8 14. Rc1 Nbd7 15. g4 Ne5 16. g5 Nh5 17. Be3 Nd3 18. Rc2 Nhf4 19. Qg4 Bc8 20. Qf3 Be5 21. Bxf4 Nxf4 22. Qe3 Qd7 23. Ndf3 Qg4 24. Kh1 Bg7 25. Re1 Nxd5 26. Qd2 Nf4 0-1

[Event "Titled Tuesday intern op 12th Dec Early"]
[Site "Chess.com INT"]
[Date "2023.12.12"]
[Round "7"]
[White "Klukin, Kirill"]
[Black "Khismatullin, Denis Rimovich"]
[Result "1/2-1/2"]
[WhiteElo "2390"]
[BlackElo "2579"]
[PlyCount "157"]
[EventDate "2023.12.12"]
[EventType "swiss (blitz)"]
[EventRounds "11"]
[EventCountry "USA"]
[SourceTitle "CB51_2023"]
[SourceDate "2023.12.20"]
[SourceVersion "1"]
[SourceVersionDate "2023.12.20"]
[SourceQuality "1"]

1. d4 Nf6 2. Nf3 e6 3. c4 Bb4+ 4. Nc3 Bxc3+ 5. bxc3 d6 6. Bg5 h6 7. Bh4 g5 8. Bg3 Ne4 9. Qc2 f5 10. e3 Nd7 11. Bd3 Ndf6 12. Nd2 Nxd2 13. Qxd2 b6 14. f3 Bb7 15. a4 Qe7 16. a5 0-0 17. axb6 axb6 18. 0-0 Nh5 19. Bf2 e5 20. Qc2 e4 21. fxe4 Bxe4 22. Bxe4 Qxe4 23. Qxe4 fxe4 24. Rfb1 Nf6 25. h3 Kg7 26. Bg3 Nd7 27. Kh2 Kg6 28. Kg1 Kf7 29. Rf1+ Ke6 30. Kh2 Nf6 31. c5 bxc5 32. dxc5 Rxa1 33. Rxa1 Nd5 34. cxd6 cxd6 35. Rd1 Rd8 36. Rd4 Nf6 37. c4 Rd7 38. Kg1 d5 39. c5 Ra7 40. c6 Ra1+ 41. Kh2 Rc1 42. c7 h5 43. h4 Ng4+ 44. Kh3 Rh1+ 45. Bh2 Rc1 46. hxg5 Nxh2 47. Kxh2 Rxc7 48. Kg3 Rd7 49. Kh4 Kf5 50. Rd1 Kg6 51. Rf1 d4 52. exd4 Rxd4 53. Rf6+ Kg7 54. Kxh5 Rd2 55. Re6 Rxg2 56. Rxe4 Rh2+ 57. Kg4 Ra2 58. Re7+ Kg6 59. Re6+ Kf7 60. Rb6 Kg7 61. Kf5 Rf2+ 62. Kg4 Rg2+ 63. Kh5 Rh2+ 64. Kg4 Rg2+ 65. Kf4 Rf2+ 66. Kg3 Rf1 67. Rb4 Rg1+ 68. Kf4 Rf1+ 69. Kg4 Rg1+ 70. Kf5 Rf1+ 71. Rf4 Rxf4+ 72. Kxf4 Kg6 73. Kg4 Kg7 74. Kf5 Kf7 75. g6+ Kg7 76. Kg5 Kg8 77. Kh6 Kh8 78. g7+ Kg8 79. Kg6 1/2-1/2

[Event "Titled Tuesday intern op 14th Nov Early"]
[Site "Chess.com INT"]
[Date "2023.11.14"]
[Round "6"]
[White "Khismatullin, Denis Rimovich"]
[Black "Lazavik, Denis"]
[Result "1/2-1/2"]
[WhiteElo "2579"]
[BlackElo "2560"]
[PlyCount "169"]
[EventDate "2023.11.14"]
[EventType "swiss (blitz)"]
[EventRounds "11"]
[EventCountry "USA"]
[SourceTitle "CB47_2023"]
[SourceDate "2023.11.22"]
[SourceVersion "1"]
[SourceVersionDate "2023.11.22"]
[SourceQuality "1"]

1. c4 Nf6 2. Nc3 e5 3. Nf3 Nc6 4. g3 d5 5. cxd5 Nxd5 6. Bg2 Bc5 7. 0-0 0-0 8. d3 h6 9. Nxd5 Qxd5 10. a3 a5 11. Bd2 Qd6 12. Bc3 Rd8 13. Rc1 Be6 14. Nd2 Bb6 15. Bxc6 bxc6 16. Qa4 f6 17. Ne4 Qd7 18. Bd2 Bd5 19. Be3 Qh3 20. Bxb6 cxb6 21. f3 c5 22. Nc3 Bf7 23. Qg4 Qxg4 24. fxg4 Be6 25. h3 h5 26. gxh5 Bxh3 27. Rf2 f5 28. Rh2 Bg4 29. Kf2 Rd6 30. Nd1 f4 31. gxf4 exf4 32. Rh4 Bd7 33. Rxf4 Rd5 34. h6 gxh6 35. Nc3 Rf5 36. Rxf5 Bxf5 37. Nd5 Rf8 38. Ke3 h5 39. Nxb6 h4 40. Nd5 Kg7 41. Nf4 Rh8 42. Rxc5 h3 43. Nxh3 Rxh3+ 44. Kd2 Kf6 45. Rxa5 Rh2 46. Ra6+ Ke5 47. Ra8 Bg4 48. Re8+ Kf4 49. Re4+ Kf5 50. a4 Bf3 51. Re3 Bc6 52. a5 Kf6 53. Rg3 Ke6 54. Rg6+ Kd7 55. b4 Kc7 56. Rg7+ Kd6 57. a6 Rh1 58. a7 Ra1 59. e4 Bb5 60. Ke3 Kc6 61. e5 Kb6 62. Kd4 Bc6 63. e6 Ra4 64. Ke5 Rxb4 65. e7 Ra4 66. Kf6 Rxa7 67. Rg8 Ra1 68. e8Q Bxe8 69. Rxe8 Rd1 70. Re3 Kc5 71. Ke5 Rd2 72. Rh3 Rd1 73. Ke4 Re1+ 74. Re3 Rxe3+ 75. Kxe3 Kd5 76. d4 Kd6 77. Ke4 Ke6 78. d5+ Kd6 79. Kd4 Kd7 80. Ke5 Ke7 81. d6+ Kd7 82. Kd5 Kd8 83. Ke6 Ke8 84. d7+ Kd8 85. Kd6 1/2-1/2

[Event "Titled Tuesday intern op 14th Nov Early"]
[Site "Chess.com INT"]
[Date "2023.11.14"]
[Round "8"]
[White "Khismatullin, Denis Rimovich"]
[Black "Seo, Jung Min"]
[Result "1-0"]
[WhiteElo "2579"]
[BlackElo "2480"]
[PlyCount "55"]
[EventDate "2023.11.14"]
[EventType "swiss (blitz)"]
[EventRounds "11"]
[EventCountry "USA"]
[SourceTitle "CB47_2023"]
[SourceDate "2023.11.22"]
[SourceVersion "1"]
[SourceVersionDate "2023.11.22"]
[SourceQuality "1"]

1. e4 c5 2. Nf3 d6 3. d4 cxd4 4. Nxd4 Nf6 5. Nc3 a6 6. Bc4 g6 7. Bb3 Bg7 8. f3 Bd7 9. Be3 Nc6 10. Qd2 h5 11. 0-0-0 Rc8 12. Kb1 Ne5 13. h3 Nc4 14. Bxc4 Rxc4 15. g4 0-0 16. Rhg1 b5 17. Nd5 Nxd5 18. exd5 h4 19. b3 Rc8 20. Bh6 Rc5 21. Bxg7 Kxg7 22. Nf5+ Bxf5 23. gxf5 Rh8 24. Qd4+ Kg8 25. fxg6 f6 26. Qe4 Qd7 27. g7 Rh5 28. Qg6 1-0

[Event "Titled Tuesday intern op 14th Nov Early"]
[Site "Chess.com INT"]
[Date "2023.11.14"]
[Round "2"]
[White "Toman, Ondrej"]
[Black "Khismatullin, Denis Rimovich"]
[Result "0-1"]
[WhiteElo "2283"]
[BlackElo "2579"]
[PlyCount "84"]
[EventDate "2023.11.14"]
[EventType "swiss (blitz)"]
[EventRounds "11"]
[EventCountry "USA"]
[SourceTitle "CB47_2023"]
[SourceDate "2023.11.22"]
[SourceVersion "1"]
[SourceVersionDate "2023.11.22"]
[SourceQuality "1"]

1. d4 d5 2. c4 e6 3. Nc3 Nf6 4. cxd5 exd5 5. Bg5 c6 6. e3 h6 7. Bh4 Be7 8. Bd3 0-0 9. Qc2 Re8 10. Nge2 Nbd7 11. 0-0 Nh5 12. Bxe7 Qxe7 13. a3 Nf8 14. b4 a6 15. Rab1 Bg4 16. a4 Nf6 17. Nf4 Rad8 18. b5 axb5 19. axb5 c5 20. dxc5 Qxc5 21. Na4 Qxc2 22. Bxc2 d4 23. Nc5 dxe3 24. Nxb7 Rd2 25. Ba4 e2 26. Rfe1 Rd4 27. Nc5 Rxf4 28. b6 Rb8 29. b7 Ne6 30. Na6 Rxb7 31. Rxb7 Rxa4 32. Nc7 Nc5 33. Rb8+ Kh7 34. f3 Nd3 35. fxg4 Nxe1 36. Kf2 Nxg2 37. Kxe2 Rxg4 38. Kf3 Nh4+ 39. Ke3 Rg2 40. h3 Rg3+ 41. Kf4 Rf3+ 42. Ke5 Nd7+ 0-1

[Event "Titled Tuesday intern op 24th Oct Late"]
[Site "Chess.com INT"]
[Date "2023.10.24"]
[Round "7"]
[White "Khismatullin, Denis Rimovich"]
[Black "Maksimovic, Bojan"]
[Result "1-0"]
[WhiteElo "2579"]
[BlackElo "2502"]
[PlyCount "79"]
[EventDate "2023.10.24"]
[EventType "swiss (blitz)"]
[EventRounds "11"]
[EventCountry "USA"]
[SourceTitle "Mega2024 Update 01"]
[Source "Chessbase"]
[SourceDate "2023.11.12"]
[SourceVersion "1"]
[SourceVersionDate "2023.11.12"]
[SourceQuality "1"]

1. c4 g6 2. Nc3 Bg7 3. d4 d6 4. e4 Nf6 5. Be2 Nbd7 6. Nf3 e5 7. 0-0 0-0 8. Be3 c6 9. d5 c5 10. Ne1 Kh8 11. Nd3 Ng8 12. Qd2 f5 13. f4 g5 14. g3 exf4 15. gxf4 g4 16. e5 dxe5 17. Nxc5 exf4 18. Rxf4 Ne5 19. Bd4 Ng6 20. Bxg7+ Kxg7 21. Rf2 b6 22. Nd3 h6 23. Raf1 Qg5 24. Qxg5 hxg5 25. c5 bxc5 26. Nxc5 Nf6 27. Bc4 Nf4 28. Rxf4 gxf4 29. Rxf4 Nh5 30. Rd4 f4 31. d6 Bf5 32. d7 Rad8 33. Be6 Kf6 34. Bxf5 Kxf5 35. Rd5+ Kg6 36. Ne6 Rh8 37. Ne4 Nf6 38. Rg5+ Kf7 39. Nxd8+ Rxd8 40. Rf5 1-0

[Event "Titled Tuesday intern op 24th Oct Late"]
[Site "Chess.com INT"]
[Date "2023.10.24"]
[Round "3"]
[White "Khismatullin, Denis Rimovich"]
[Black "Pinheiro, Iung Alicio"]
[Result "0-1"]
[WhiteElo "2579"]
[BlackElo "2306"]
[PlyCount "86"]
[EventDate "2023.10.24"]
[EventType "swiss (blitz)"]
[EventRounds "11"]
[EventCountry "USA"]
[SourceTitle "Mega2024 Update 01"]
[Source "Chessbase"]
[SourceDate "2023.11.12"]
[SourceVersion "1"]
[SourceVersionDate "2023.11.12"]
[SourceQuality "1"]

1. e4 c5 2. Nf3 Nc6 3. Bb5 e6 4. 0-0 Nge7 5. Re1 Nd4 6. Nxd4 cxd4 7. c3 a6 8. Bf1 Nc6 9. b4 Bd6 10. Na3 Qf6 11. Nc4 Bc7 12. cxd4 Nxd4 13. e5 Qg6 14. Re3 b5 15. Bd3 Qh6 16. Be4 Rb8 17. Rh3 Qg5 18. d3 Qe7 19. Nd6+ Bxd6 20. exd6 Qxd6 21. Bb2 Bb7 22. Qg4 Bxe4 23. Qxg7 Rf8 24. dxe4 Ne2+ 25. Kh1 Rc8 26. Rxh7 e5 27. Qxe5+ Qxe5 28. Bxe5 Rc4 29. Bd6 Rg8 30. f3 Nd4 31. Rd1 Rc2 32. Bg3 Ne2 33. Rh3 Nc3 34. Rf1 Nxa2 35. Rh5 Nxb4 36. Re5+ Kd8 37. Rf5 Ke8 38. Re5+ Kd8 39. Rh5 Nc6 40. Rf5 Ke7 41. Rf4 b4 42. Bh4+ Ke8 43. g4 b3 0-1

[Event "Titled Tuesday intern op 24th Oct Late"]
[Site "Chess.com INT"]
[Date "2023.10.24"]
[Round "11"]
[White "Shimanov, Aleksandr"]
[Black "Khismatullin, Denis Rimovich"]
[Result "0-1"]
[WhiteElo "2566"]
[BlackElo "2579"]
[PlyCount "46"]
[EventDate "2023.10.24"]
[EventType "swiss (blitz)"]
[EventRounds "11"]
[EventCountry "USA"]
[SourceTitle "Mega2024 Update 01"]
[Source "Chessbase"]
[SourceDate "2023.11.12"]
[SourceVersion "1"]
[SourceVersionDate "2023.11.12"]
[SourceQuality "1"]

1. d4 Nf6 2. Bg5 d5 3. Nd2 c5 4. dxc5 e6 5. e4 Bxc5 6. Qe2 dxe4 7. 0-0-0 Be7 8. Nxe4 Qc7 9. Nf3 Nc6 10. Kb1 Bd7 11. Nxf6+ gxf6 12. Be3 e5 13. Nh4 0-0-0 14. g4 Be6 15. Bg2 Qa5 16. a3 Bxa3 17. bxa3 Qxa3 18. c4 Qb3+ 19. Ka1 Bxc4 20. Rxd8+ Rxd8 21. Qb2 Qa4+ 22. Kb1 Rd3 23. Bxc6 bxc6 0-1